Image Processing /

שמור ב:
מידע ביבליוגרפי
מחבר ראשי: Sid-ahmed, Maher A.
פורמט: Sách giấy
שפה:English
יצא לאור: Singapore : McGraw-Hill, 1995
תגים: הוספת תג
אין תגיות, היה/י הראשונ/ה לתייג את הרשומה!
Thư viện lưu trữ: Thư viện Trường Đại học Đà Lạt
LEADER 00529nam a2200229 4500
001 DLU020000327
005 ##12/15/1998
041 # # |a eng 
082 # # |a 621.367  |b SI-M 
100 # # |a Sid-ahmed, Maher A. 
245 # # |a Image Processing /  |c Maher A. Sid-Ahmed  
260 # # |a Singapore :  |b McGraw-Hill,  |c 1995 
300 # # |a X, 611 tr.;  |c 23 cm. 
992 # # |a 376000 
994 # # |a DLU 
900 # # |a False 
911 # # |a Administrator 
925 # # |a G 
926 # # |a A 
927 # # |a SH 
980 # # |a Thư viện Trường Đại học Đà Lạt